| 000 | 00882nam0a22002411 4500 | ||
|---|---|---|---|
| 001 | rc\1176761 | ||
| 005 | 20250622211100.0 | ||
| 035 | _a(NLR Aleph) 006419261 | ||
| 090 |
_a5430530 _c5430530 |
||
| 100 | _a20041129d1980 |||y0rusy50 ca | ||
| 101 | 0 | _arus | |
| 102 | _aRU | ||
| 105 | _ay ||||||||| | ||
| 200 | 1 | _aСоциал-демократия в условиях обострения общего кризиса капитализма | |
| 210 |
_aМ. _cНаука _d1980 |
||
| 215 |
_a192 с. _d20 |
||
| 300 | _aВ надзаг.: АН СССР, Ин-т междунар. рабочего движения, Ин-т рабочего движения Высш. школы обществ. наук при ЦК ПОРП | ||
| 700 | 1 |
_aГолембевский _bЯ. |
|
| 801 | 0 |
_aRU _bNLR _gpsbo |
|
| 801 | 1 |
_aRU _bELAR _2rusmarc |
|
| 852 |
_aNLR _j80-3/5789 |
||
| 942 | _cBOOK | ||
| 980 | _aNB | ||